[Event "Internationaal Jeugdtoernooi Limburg 5"]
[Site "Stein"]
[Date "1999.07.09"]
[Round "3"]
[White "Fragniere, Thiery"]
[Black "Van Gemen, Felix"]
[Result "0-1"]
[WhiteElo "1950"]
[BlackElo "1730"]
[PlyCount "98"]
[EventDate "1999.07.08"]
[EventType "swiss"]
[EventRounds "7"]
[EventCountry "NED"]
[Source "P.Boonen"]
[SourceDate "2009.01.01"]

1. d4 e6 2. c4 Nf6 3. Nf3 Bb4+ 4. Nbd2 O-O 5. Qc2 d5 6. a3 Be7 7. e4 dxe4 8.
Nxe4 Nxe4 9. Qxe4 f5 10. Qd3 Bf6 11. Bf4 c5 12. Be5 Nc6 13. Rd1 cxd4 14. Bxd4
e5 15. Bc5 Qxd3 16. Bxd3 Rd8 17. Bc2 Rxd1+ 18. Kxd1 e4 19. Nd2 Bxb2 20. f3 e3
21. Bxe3 Bxa3 22. c5 Be6 23. Nb3 Nb4 24. Nd4 Nxc2 25. Nxc2 Bb3 26. Kd2 Bxc2 27.
Kxc2 Bxc5 28. Bxc5 Rc8 29. Ra1 Rxc5+ 30. Kd3 a6 31. Rb1 Rc7 32. Rb6 Kf7 33. h4
Ke7 34. Kd4 Kd8 35. Ke5 Rf7 36. h5 Kc7 37. Re6 a5 38. Re8 Kc6 39. Ke6 Rc7 40.
Kxf5 a4 41. Rh8 h6 42. g4 Kb5 43. f4 a3 44. g5 hxg5 45. fxg5 Kb4 46. Ra8 Kb3
47. h6 gxh6 48. gxh6 a2 49. Kg6 Kb2 0-1

[Event "Internationaal Jeugdtoernooi Limburg 5"]
[Site "Stein"]
[Date "1999.07.09"]
[Round "3"]
[White "Heltzel, Joost"]
[Black "Connel, Blair"]
[Result "1/2-1/2"]
[WhiteElo "1943"]
[BlackElo "2267"]
[PlyCount "99"]
[EventDate "1999.07.08"]
[EventType "swiss"]
[EventRounds "7"]
[EventCountry "NED"]
[Source "P.Boonen"]
[SourceDate "2009.01.01"]

1. e4 d5 2. exd5 Qxd5 3. Nc3 Qa5 4. d4 Nf6 5. Nf3 c6 6. Be2 Bf5 7. O-O Nbd7 8.
Bf4 e6 9. Nd2 Qd8 10. Nc4 Nb6 11. Ne3 Bg6 12. Bf3 Be7 13. h3 O-O 14. Ne2 Nbd5
15. c4 Nxf4 16. Nxf4 Qb6 17. d5 Bc5 18. Nxg6 hxg6 19. dxe6 fxe6 20. Qe2 e5 21.
b3 e4 22. Bg4 Bxe3 23. Qxe3 Nxg4 24. Qxb6 axb6 25. hxg4 Rf4 26. Rfe1 Rxg4 27.
Re2 Rd8 28. Rae1 Kf7 29. Rxe4 Rxe4 30. Rxe4 Rd1+ 31. Kh2 Rd2 32. Rf4+ Ke6 33.
a4 Rd3 34. Rg4 Rxb3 35. Rxg6+ Kf7 36. Rd6 Ke7 37. Rg6 Kf8 38. Rd6 Rb4 39. Rd7
Rxc4 40. Rxb7 Rb4 41. Rc7 Rc4 42. Rb7 Rb4 43. Rc7 Rxa4 44. Rxc6 Rb4 45. Rc7 Kg8
46. Rb7 Kh7 47. g4 Kg6 48. Kg3 Kf6 49. f4 Rb3+ 50. Kf2 1/2-1/2

[Event "Internationaal Jeugdtoernooi Limburg 5"]
[Site "Stein"]
[Date "1999.07.09"]
[Round "3"]
[White "Snoeck, Rene"]
[Black "Simenon, Jozef"]
[Result "1-0"]
[WhiteElo "1753"]
[BlackElo "1600"]
[PlyCount "103"]
[EventDate "1999.07.08"]
[EventType "swiss"]
[EventRounds "7"]
[EventCountry "NED"]
[Source "P.Boonen"]
[SourceDate "2009.01.01"]

1. d4 Nf6 2. Nf3 d5 3. Bf4 e6 4. h3 c5 5. c3 Nc6 6. e3 Be7 7. Nbd2 O-O 8. Bd3
b6 9. O-O Bb7 10. Rc1 Rc8 11. Bb1 h6 12. Ne5 Nxe5 13. Bxe5 Bd6 14. Qc2 g6 15.
Nf3 Ne4 16. Bxd6 Nxd6 17. Ne5 Nf5 18. g4 Ne7 19. Kh2 f5 20. f4 Kh7 21. Rg1 cxd4
22. exd4 Nc6 23. gxf5 gxf5 24. Qe2 Nxe5 25. dxe5 Qe7 26. Qf2 Rg8 27. Bc2 Rg7
28. Rxg7+ Qxg7 29. Rg1 Qf7 30. Ba4 Rg8 31. Rxg8 Qxg8 32. Qg3 Qxg3+ 33. Kxg3 Bc8
34. Kh4 Kg6 35. b4 a5 36. a3 Kg7 37. Bc6 Kg6 38. Be8+ Kg7 39. Kg3 Kf8 40. Bb5
Kf7 41. Kf2 Ke7 42. Ke3 axb4 43. cxb4 Bd7 44. Be2 Be8 45. Bd1 Bb5 46. Kd4 Bc4
47. a4 Kd7 48. a5 Kc6 49. Bh5 Ba6 50. Be8+ Kc7 51. axb6+ Kxb6 52. Bd7 1-0

[Event "Internationaal Jeugdtoernooi Limburg 5"]
[Site "Stein"]
[Date "1999.07.09"]
[Round "3"]
[White "Van Otten, Gerard J"]
[Black "Spronkmans, Stefan"]
[Result "1-0"]
[WhiteElo "1937"]
[BlackElo "1600"]
[PlyCount "81"]
[EventDate "1999.07.08"]
[EventType "swiss"]
[EventRounds "7"]
[EventCountry "NED"]
[Source "P.Boonen"]
[SourceDate "2009.01.01"]

1. e4 e5 2. Nf3 Nc6 3. Bb5 a6 4. Ba4 Nf6 5. O-O Bc5 6. c3 O-O 7. d4 exd4 8.
cxd4 Be7 9. Nc3 b5 10. Bc2 d6 11. h3 Re8 12. Re1 h6 13. Bf4 Bf8 14. Rc1 Bb7 15.
a4 b4 16. Nb1 Na7 17. Nbd2 Rc8 18. Bb1 c5 19. d5 Nh5 20. Bh2 Nf6 21. Nc4 Nh7
22. Qd3 g6 23. Nfd2 Ra8 24. f4 Bg7 25. Nf3 Nc8 26. Rcd1 Nb6 27. Nxb6 Qxb6 28.
Kh1 Bxb2 29. e5 dxe5 30. fxe5 Nf8 31. Nd2 Bd4 32. Nc4 Qd8 33. Nd6 Re7 34. Ba2
Kg7 35. Qf3 Ra7 36. Qf6+ Kg8 37. Nxf7 Qd7 38. Nxh6+ Kh7 39. Ng4 Qd8 40. Qh4+
Kg7 41. Qh6+ 1-0

[Event "Internationaal Jeugdtoernooi Limburg 5"]
[Site "Stein"]
[Date "1999.07.09"]
[Round "3"]
[White "Van Weersel, Arlette"]
[Black "Michiels, Bart"]
[Result "0-1"]
[WhiteElo "1727"]
[BlackElo "2007"]
[PlyCount "94"]
[EventDate "1999.07.08"]
[EventType "swiss"]
[EventRounds "7"]
[EventCountry "NED"]
[Source "P.Boonen"]
[SourceDate "2009.01.01"]

1. e4 c5 2. c4 Nc6 3. Ne2 g6 4. g3 Bg7 5. Bg2 d6 6. O-O e6 7. Nbc3 Nge7 8. a3
O-O 9. Rb1 a6 10. b4 Rb8 11. d3 Nd4 12. Bg5 b5 13. bxc5 Nxe2+ 14. Nxe2 dxc5 15.
Qc2 b4 16. axb4 cxb4 17. Rfd1 e5 18. Qa4 Qd6 19. Be3 Nc6 20. Kh1 Rd8 21. Nc1
Nd4 22. Nb3 Nxb3 23. Rxb3 Qd7 24. Qa5 Bf8 25. Qxe5 Bd6 26. Qb2 a5 27. Bh6 Bf8
28. Bxf8 Rxf8 29. Ra1 Qc7 30. h3 Bd7 31. Kh2 Qb6 32. Rb1 Ba4 33. Kg1 Bxb3 34.
Qxb3 Qd4 35. Bf1 Qc3 36. Qa4 b3 37. Qa3 Qb4 38. Qb2 a4 39. Ra1 a3 40. Rxa3 Qxa3
41. Qxa3 b2 42. Qa2 b1=Q 43. Qxb1 Rxb1 44. Kg2 Ra8 45. d4 Raa1 46. Be2 Rb2 47.
Bd3 Rd2 0-1

[Event "Internationaal Jeugdtoernooi Limburg 5"]
[Site "Stein"]
[Date "1999.07.09"]
[Round "3"]
[White "Van Weersel, Birgitta"]
[Black "Severijnen, Arjon"]
[Result "1/2-1/2"]
[WhiteElo "1650"]
[BlackElo "1565"]
[PlyCount "57"]
[EventDate "1999.07.08"]
[EventType "swiss"]
[EventRounds "7"]
[EventCountry "NED"]
[Source "P.Boonen"]
[SourceDate "2009.01.01"]

1. d4 d5 2. c4 c6 3. Nc3 Nf6 4. Nf3 dxc4 5. a4 Bg4 6. e3 e6 7. Bxc4 Bb4 8. Bd2
O-O 9. O-O Nbd7 10. Kh1 Nb6 11. Be2 Nbd5 12. Nxd5 Nxd5 13. Bxb4 Nxb4 14. Qb3
Qe7 15. Rac1 Nd5 16. Rfe1 Bxf3 17. Bxf3 Rab8 18. h3 h6 19. Re2 Rfd8 20. Qc4 Nb6
21. Qc2 Qb4 22. b3 Nd5 23. Kg1 Qd6 24. Qc4 Rbc8 25. Ree1 Nb4 26. Red1 Nd5 27.
Re1 Nf6 28. Red1 Nd5 29. Re1 1/2-1/2

[Event "Internationaal Jeugdtoernooi Limburg 5"]
[Site "Stein"]
[Date "1999.07.09"]
[Round "3"]
[White "Vinck, Martin"]
[Black "Vanwersch, Rob"]
[Result "1-0"]
[WhiteElo "2042"]
[BlackElo "1700"]
[PlyCount "78"]
[EventDate "1999.07.08"]
[EventType "swiss"]
[EventRounds "7"]
[EventCountry "NED"]
[Source "P.Boonen"]
[SourceDate "2009.01.01"]

1. e4 Nc6 2. d4 d5 3. e5 f6 4. f4 Bf5 5. Nf3 Nb4 6. Na3 e6 7. c3 Nc6 8. Nc2
fxe5 9. fxe5 Nce7 10. Bd3 Bxd3 11. Qxd3 Nf5 12. O-O Qd7 13. Ng5 Ngh6 14. Qh3
O-O-O 15. Ne3 Nxe3 16. Bxe3 Nf5 17. Bd2 g6 18. g4 Nh6 19. Rxf8 Rdxf8 20. Qxh6
Qc6 21. Rf1 Rxf1+ 22. Kxf1 Qb5+ 23. Ke1 Qxb2 24. Qg7 Re8 25. Qf7 Qb5 26. Nxe6
Qd7 27. Qxd7+ Kxd7 28. Nc5+ Kc6 29. Bg5 b6 30. Nd3 Kb5 31. Kd2 Ka4 32. Nb4 Ka3
33. Nxd5 c6 34. Ne7 Kxa2 35. Nxc6 a5 36. d5 Kb2 37. d6 a4 38. d7 Rd8 39. Bxd8
a3 1-0

[Event "Internationaal Jeugdtoernooi Limburg 5"]
[Site "Stein"]
[Date "1999.07.09"]
[Round "3"]
[White "Weber, Tom"]
[Black "Dambacher, Martijn"]
[Result "0-1"]
[WhiteElo "1950"]
[BlackElo "2288"]
[PlyCount "64"]
[EventDate "1999.07.08"]
[EventType "swiss"]
[EventRounds "7"]
[EventCountry "NED"]
[Source "P.Boonen"]
[SourceDate "2009.01.01"]

1. e4 c5 2. Nf3 e6 3. d4 cxd4 4. Nxd4 Nf6 5. Nc3 d6 6. Bg5 Be7 7. Qd2 a6 8.
O-O-O b5 9. Bd3 Bb7 10. Rhe1 Nbd7 11. f4 O-O 12. a3 Rc8 13. e5 dxe5 14. fxe5
Nd5 15. Bxe7 Qxe7 16. Nxd5 Bxd5 17. Qe3 Nc5 18. Be2 Bxg2 19. Rg1 Bb7 20. Qh6 f5
21. Bf3 Bxf3 22. Nxf3 Kh8 23. Qh5 Ne4 24. Rg2 Rc7 25. Rdg1 Qc5 26. Kb1 b4 27.
Nh4 Rb8 28. Ng6+ Kg8 29. Nf4 Nc3+ 30. Ka1 Qxe5 31. Qh6 bxa3 32. Rxg7+ Rxg7 0-1

[Event "Internationaal Jeugdtoernooi Limburg 5"]
[Site "Stein"]
[Date "1999.07.09"]
[Round "3"]
[White "Wirig, Anthony"]
[Black "Holtackers, Daan"]
[Result "1-0"]
[WhiteElo "2150"]
[BlackElo "1829"]
[PlyCount "43"]
[EventDate "1999.07.08"]
[EventType "swiss"]
[EventRounds "7"]
[EventCountry "NED"]
[Source "P.Boonen"]
[SourceDate "2009.01.01"]

1. e4 c5 2. Nc3 Nc6 3. f4 e6 4. Nf3 d6 5. Bc4 Nge7 6. O-O g6 7. Qe1 Bg7 8. d3
O-O 9. Qh4 d5 10. Bb3 b5 11. Nxb5 Qb6 12. c4 Ba6 13. Nc3 dxc4 14. dxc4 Rfe8 15.
f5 exf5 16. Bh6 Nd4 17. Na4 Qc6 18. Bxg7 Nxf3+ 19. Rxf3 Kxg7 20. Raf1 Bc8 21.
Nc3 Be6 22. Ba4 1-0

[Event "Internationaal Jeugdtoernooi Limburg 5"]
[Site "Stein"]
[Date "1999.07.09"]
[Round "4"]
[White "Connel, Blair"]
[Black "Berkvens, Joost"]
[Result "1-0"]
[WhiteElo "2267"]
[BlackElo "2279"]
[PlyCount "33"]
[EventDate "1999.07.08"]
[EventType "swiss"]
[EventRounds "7"]
[EventCountry "NED"]
[Source "P.Boonen"]
[SourceDate "2009.01.01"]

1. e4 e5 2. Nf3 Nc6 3. Bc4 Nf6 4. d3 Bc5 5. c3 O-O 6. O-O d6 7. Re1 Kh8 8. d4
exd4 9. cxd4 Bb6 10. h3 Nxe4 11. Rxe4 d5 12. Rh4 dxc4 13. Qc2 g6 14. Bg5 Qd6
15. Qxc4 Be6 16. Bf6+ Kg8 17. Qc1 1-0

[Event "Internationaal Jeugdtoernooi Limburg 5"]
[Site "Stein"]
[Date "1999.07.09"]
[Round "4"]
[White "Dambacher, Martijn"]
[Black "Michiels, Bart"]
[Result "1-0"]
[WhiteElo "2288"]
[BlackElo "2007"]
[PlyCount "91"]
[EventDate "1999.07.08"]
[EventType "swiss"]
[EventRounds "7"]
[EventCountry "NED"]
[Source "P.Boonen"]
[SourceDate "2009.01.01"]

1. e4 c5 2. Nf3 Nc6 3. Nc3 g6 4. d4 cxd4 5. Nxd4 Bg7 6. Be3 Nf6 7. Nxc6 bxc6 8.
e5 Nd5 9. Nxd5 cxd5 10. Qxd5 Rb8 11. O-O-O Qc7 12. f4 O-O 13. Qc5 Qb7 14. Bd4
Qe4 15. Qxe7 Qxf4+ 16. Kb1 Bb7 17. Bc4 Bxg2 18. Rhe1 Bh3 19. Qa3 Be6 20. Bxe6
dxe6 21. Qg3 Qxg3 22. hxg3 Rb7 23. Rd3 Rd8 24. Red1 h5 25. c4 g5 26. Kc2 Kh7
27. Bc3 Rxd3 28. Kxd3 Rd7+ 29. Ke2 Rc7 30. b3 Kg6 31. Rf1 Rc5 32. Kd3 Rc7 33.
b4 h4 34. gxh4 g4 35. c5 Kh5 36. Bd4 Kxh4 37. b5 g3 38. c6 g2 39. Rb1 Kg3 40.
a4 Rc8 41. a5 Rh8 42. c7 Rh1 43. Rg1 Kh2 44. Rxg2+ Kxg2 45. c8=Q Rd1+ 46. Ke4
1-0

[Event "Internationaal Jeugdtoernooi Limburg 5"]
[Site "Stein"]
[Date "1999.07.09"]
[Round "4"]
[White "Holtackers, Daan"]
[Black "Fragniere, Thiery"]
[Result "1/2-1/2"]
[WhiteElo "1829"]
[BlackElo "1950"]
[PlyCount "89"]
[EventDate "1999.07.08"]
[EventType "swiss"]
[EventRounds "7"]
[EventCountry "NED"]
[Source "P.Boonen"]
[SourceDate "2009.01.01"]

1. e4 Nf6 2. Nc3 d5 3. e5 d4 4. exf6 dxc3 5. bxc3 exf6 6. Nf3 Bd6 7. d4 O-O 8.
Be2 Re8 9. O-O b6 10. a4 Nd7 11. Re1 f5 12. Bd3 Nf6 13. Bg5 Be7 14. Ne5 Nd5 15.
Bxe7 Nxe7 16. Bb5 Rf8 17. Qf3 Rb8 18. Nc6 Nxc6 19. Bxc6 Bd7 20. Re2 Bxc6 21.
Qxc6 Qd6 22. Qxd6 cxd6 23. Re7 Rbc8 24. Rxa7 Rxc3 25. Rb1 Rxc2 26. h3 Rc4 27.
Rxb6 Rxd4 28. a5 Rd1+ 29. Kh2 g6 30. a6 Kg7 31. Rd7 d5 32. a7 Ra1 33. Rbb7 Ra5
34. Kg3 g5 35. Rd6 Ra8 36. Rdd7 Rf8 37. Rd6 h5 38. h4 Ra3+ 39. Kh2 gxh4 40.
Rxd5 Ra8 41. Rdd7 Rg8 42. f3 Ra4 43. Rdc7 Kg6 44. Rc6+ Kg7 45. Kh3 1/2-1/2

[Event "Internationaal Jeugdtoernooi Limburg 5"]
[Site "Stein"]
[Date "1999.07.09"]
[Round "4"]
[White "Ibrahim, Ashraf"]
[Black "Van Weersel, Birgitta"]
[Result "1-0"]
[WhiteElo "1606"]
[BlackElo "1650"]
[PlyCount "63"]
[EventDate "1999.07.08"]
[EventType "swiss"]
[EventRounds "7"]
[EventCountry "NED"]
[Source "P.Boonen"]
[SourceDate "2009.01.01"]

1. d4 d6 2. e4 Nf6 3. Nc3 g6 4. f4 Bg7 5. Nf3 Nbd7 6. Be2 c6 7. Be3 b6 8. Qd2
Bb7 9. O-O-O Qc7 10. h3 h5 11. Kb1 e6 12. Ng5 Nf8 13. e5 N6h7 14. Nge4 d5 15.
Nd6+ Ke7 16. Na4 Nd7 17. Qb4 Bf8 18. Nxb7+ Ke8 19. Nd6+ Bxd6 20. exd6 Qd8 21.
c4 dxc4 22. Bf3 Rc8 23. g4 Nhf6 24. f5 e5 25. Bg5 exd4 26. Rhe1+ Kf8 27. Re7
Kg7 28. Qxc4 Rf8 29. Qxd4 c5 30. Qc3 b5 31. Rxd7 Qxd7 32. Qxf6+ 1-0

[Event "Internationaal Jeugdtoernooi Limburg 5"]
[Site "Stein"]
[Date "1999.07.09"]
[Round "4"]
[White "Schreiber, Christophe"]
[Black "Heltzel, Joost"]
[Result "1-0"]
[WhiteElo "2150"]
[BlackElo "1943"]
[PlyCount "137"]
[EventDate "1999.07.08"]
[EventType "swiss"]
[EventRounds "7"]
[EventCountry "NED"]
[Source "P.Boonen"]
[SourceDate "2009.01.01"]

1. d4 d5 2. e3 Nf6 3. Bd3 c5 4. c3 Nc6 5. f4 Bg4 6. Nf3 Qc8 7. O-O Bf5 8. Be2
e6 9. Ne5 h5 10. Nd2 Be7 11. Ndf3 Ne4 12. Nxc6 bxc6 13. Ne5 Bd6 14. Bxh5 g6 15.
Bf3 f6 16. Nd3 c4 17. Nf2 Nxf2 18. Rxf2 Bd3 19. b3 f5 20. a4 Rb8 21. Ba3 Bc7
22. Rb2 g5 23. g3 g4 24. Be2 Bxe2 25. Qxe2 cxb3 26. Rab1 Qb7 27. Bb4 a5 28. Bc5
Kd7 29. c4 Qa6 30. cxd5 Qxe2 31. Rxe2 exd5 32. Reb2 Bd6 33. Bxd6 Kxd6 34. Rxb3
Rxb3 35. Rxb3 Kc7 36. Kg2 Rh7 37. h4 gxh3+ 38. Kh2 Rh8 39. Rb1 Rh7 40. Rg1 Re7
41. Re1 Rh7 42. Re2 Rh8 43. Kg1 Rg8 44. Kf2 Rb8 45. Kf3 Rb3 46. Rh2 c5 47. dxc5
d4 48. Rxh3 Rxe3+ 49. Kf2 Rc3 50. Rh5 Rxc5 51. Ke2 Rc4 52. Rxf5 Rxa4 53. g4 Kd6
54. Kd3 Ke6 55. Re5+ Kd6 56. g5 Ra1 57. Kxd4 Rd1+ 58. Kc4 Rf1 59. Rf5 Ke6 60.
Rf6+ Ke7 61. Kb5 Ra1 62. f5 a4 63. Re6+ Kf7 64. g6+ Kf8 65. f6 Rg1 66. f7 Rf1
67. Kxa4 Kg7 68. Kb4 Rf5 69. Kc4 1-0

[Event "Internationaal Jeugdtoernooi Limburg 5"]
[Site "Stein"]
[Date "1999.07.09"]
[Round "4"]
[White "Severijnen, Arjon"]
[Black "Van Otten, Gerard J"]
[Result "0-1"]
[WhiteElo "1565"]
[BlackElo "1937"]
[PlyCount "60"]
[EventDate "1999.07.08"]
[EventType "swiss"]
[EventRounds "7"]
[EventCountry "NED"]
[Source "P.Boonen"]
[SourceDate "2009.01.01"]

1. e4 c5 2. b4 cxb4 3. Bb2 Nc6 4. d4 d5 5. e5 Bf5 6. c4 bxc3 7. Nxc3 e6 8. Bb5
Nge7 9. h4 h5 10. Nf3 Bg4 11. Qd3 Bxf3 12. Qxf3 Nf5 13. Qf4 g6 14. Bxc6+ bxc6
15. Ne2 Bh6 16. Qh2 c5 17. Bc3 cxd4 18. Nxd4 Nxd4 19. Bxd4 Qa5+ 20. Kf1 Qd2 21.
Be3 Qd3+ 22. Kg1 Bxe3 23. fxe3 Qxe3+ 24. Kf1 Qd3+ 25. Kf2 Qd4+ 26. Kf3 Rc8 27.
Rad1 Rc3+ 28. Ke2 Re3+ 29. Kf2 Rd3+ 30. Ke2 Qe3+ 0-1

[Event "Internationaal Jeugdtoernooi Limburg 5"]
[Site "Stein"]
[Date "1999.07.09"]
[Round "4"]
[White "Snoeck, Rene"]
[Black "Amesz, Jaap"]
[Result "0-1"]
[WhiteElo "1753"]
[BlackElo "2190"]
[PlyCount "60"]
[EventDate "1999.07.08"]
[EventType "swiss"]
[EventRounds "7"]
[EventCountry "NED"]
[Source "P.Boonen"]
[SourceDate "2009.01.01"]

1. d4 f5 2. c4 b6 3. Nc3 Bb7 4. a3 Nf6 5. b4 e6 6. Qb3 a5 7. b5 Qe7 8. e3 d6 9.
f3 Nbd7 10. Bd3 e5 11. Nge2 e4 12. fxe4 Nxe4 13. Bxe4 Bxe4 14. Nxe4 Qxe4 15.
O-O g6 16. Ng3 Qe7 17. e4 Bg7 18. Qd3 O-O 19. exf5 Nc5 20. Qd1 Rae8 21. Rb1 Ne4
22. Nxe4 Qxe4 23. Bb2 Rxf5 24. Rxf5 Qxf5 25. d5 Bxb2 26. Rxb2 Qe4 27. Qc1 Qd4+
28. Kf1 Rf8+ 29. Ke2 Rf2+ 30. Ke1 Rxb2 0-1

[Event "Internationaal Jeugdtoernooi Limburg 5"]
[Site "Stein"]
[Date "1999.07.09"]
[Round "4"]
[White "Spronkmans, Stefan"]
[Black "Simenon, Jozef"]
[Result "1/2-1/2"]
[WhiteElo "1600"]
[BlackElo "1600"]
[PlyCount "77"]
[EventDate "1999.07.08"]
[EventType "swiss"]
[EventRounds "7"]
[EventCountry "NED"]
[Source "P.Boonen"]
[SourceDate "2009.01.01"]

1. e4 e5 2. Nf3 Nc6 3. Bb5 d6 4. Bxc6+ bxc6 5. O-O Nf6 6. Nc3 Be7 7. d3 Bg4 8.
h3 Bxf3 9. Qxf3 O-O 10. Bg5 Qd7 11. Bxf6 Bxf6 12. Ne2 Rab8 13. b3 d5 14. Rad1
d4 15. Ng3 Rfe8 16. Qf5 Qxf5 17. Nxf5 Be7 18. Nxe7+ Rxe7 19. f4 f6 20. fxe5
fxe5 21. Rf2 Rf8 22. Rdf1 Ref7 23. g3 a5 24. Kg2 Rxf2+ 25. Rxf2 Rxf2+ 26. Kxf2
Kf7 27. Ke2 Ke6 28. Kd2 Kd6 29. a3 c5 30. Ke2 g5 31. Kf3 h5 32. a4 Ke6 33. Ke2
Kd7 34. Kd2 Kd6 35. g4 h4 36. Kc1 Kc6 37. Kb1 Kb6 38. Kb2 Kb7 39. Ka3 1/2-1/2

[Event "Internationaal Jeugdtoernooi Limburg 5"]
[Site "Stein"]
[Date "1999.07.09"]
[Round "4"]
[White "Van Gemen, Felix"]
[Black "Weber, Tom"]
[Result "0-1"]
[WhiteElo "1730"]
[BlackElo "1950"]
[PlyCount "80"]
[EventDate "1999.07.08"]
[EventType "swiss"]
[EventRounds "7"]
[EventCountry "NED"]
[Source "P.Boonen"]
[SourceDate "2009.01.01"]

1. e4 c5 2. Nc3 Nc6 3. g3 g6 4. Bg2 Bg7 5. d3 d6 6. Be3 e6 7. Qd2 Rb8 8. Nge2
Nd4 9. Nd1 Ne7 10. c3 Nxe2 11. Kxe2 O-O 12. Bh6 Nc6 13. h4 b6 14. h5 Qe7 15.
Bxg7 Kxg7 16. f3 d5 17. Nf2 Ba6 18. Ng4 g5 19. h6+ Kh8 20. e5 Rg8 21. Raf1 Rg6
22. f4 gxf4 23. Qxf4 Qg5 24. Rh4 Rbg8 25. Bh3 Qxf4 26. gxf4 Ne7 27. Nf6 Rd8 28.
Rf2 Rg3 29. Rf3 Rxf3 30. Kxf3 Bxd3 31. Rg4 Bg6 32. Rg5 Ng8 33. f5 exf5 34. Nxg8
Kxg8 35. Bxf5 Kf8 36. Kf4 Ke7 37. Rg1 d4 38. Rd1 Bxf5 39. Kxf5 dxc3 40. Rxd8 c2
0-1

[Event "Internationaal Jeugdtoernooi Limburg 5"]
[Site "Stein"]
[Date "1999.07.09"]
[Round "4"]
[White "Vanwersch, Rob"]
[Black "Van Weersel, Arlette"]
[Result "0-1"]
[WhiteElo "1700"]
[BlackElo "1727"]
[PlyCount "120"]
[EventDate "1999.07.08"]
[EventType "swiss"]
[EventRounds "7"]
[EventCountry "NED"]
[Source "P.Boonen"]
[SourceDate "2009.01.01"]

1. e4 e5 2. Nc3 Nf6 3. f4 d5 4. fxe5 Nxe4 5. Nf3 Bc5 6. d4 Bb4 7. Bd2 Bxc3 8.
bxc3 O-O 9. Bd3 Bg4 10. O-O Qe7 11. Qe1 Nxd2 12. Qxd2 c5 13. Qf4 Bh5 14. Ng5 h6
15. Nh3 Nc6 16. Rae1 cxd4 17. cxd4 Nb4 18. a4 Nxd3 19. cxd3 Bg6 20. Qe3 Qd7 21.
Rb1 Qxa4 22. Rxb7 Qa6 23. Rb3 Qa4 24. Rfb1 Bf5 25. Nf4 Qc6 26. Rc1 Qd7 27. Rbc3
a5 28. Rc7 Qb5 29. R7c5 Qb3 30. Nxd5 Qxd3 31. Qxd3 Bxd3 32. Ne7+ Kh8 33. d5 a4
34. d6 a3 35. d7 a2 36. Ra1 Be4 37. Rc8 Kh7 38. Rxa8 Bxa8 39. Rxa2 Be4 40. Rd2
Rd8 41. Rd4 Bb7 42. Rb4 Rxd7 43. Nf5 Rd1+ 44. Kf2 Bc8 45. Nd6 Be6 46. Rf4 Kg6
47. Nb5 Rd2+ 48. Kg3 h5 49. h4 Bd5 50. Rf2 Rd3+ 51. Kf4 Bc4 52. Nd6 Rd4+ 53.
Kg3 Rg4+ 54. Kf3 Bd5+ 55. Ke3 Rxh4 56. g3 Rg4 57. Nc8 Rxg3+ 58. Kf4 Rg4+ 59.
Ke3 Be6 60. Ne7+ Kg5 0-1

[Event "Internationaal Jeugdtoernooi Limburg 5"]
[Site "Stein"]
[Date "1999.07.09"]
[Round "4"]
[White "Vinck, Martin"]
[Black "Wirig, Anthony"]
[Result "1/2-1/2"]
[WhiteElo "2042"]
[BlackElo "2150"]
[PlyCount "80"]
[EventDate "1999.07.08"]
[EventType "swiss"]
[EventRounds "7"]
[EventCountry "NED"]
[Source "P.Boonen"]
[SourceDate "2009.01.01"]

1. e4 c5 2. Nf3 Nc6 3. d4 cxd4 4. Nxd4 g6 5. c4 Nf6 6. Nc3 Nxd4 7. Qxd4 d6 8.
Be2 Bg7 9. Qd1 O-O 10. O-O Be6 11. Be3 Qa5 12. Rc1 Rfc8 13. b3 a6 14. Bf3 Rd8
15. Qd2 Rac8 16. Nd5 Qxd2 17. Bxd2 Nxd5 18. cxd5 Bd7 19. Be2 Bb2 20. Rb1 Rc2
21. Ba5 Rdc8 22. Bd3 Bd4 23. Bxc2 Rxc2 24. a4 b6 25. Bb4 a5 26. Rbd1 Be5 27.
Ba3 Ra2 28. Bc1 Rc2 29. Bh6 Bb2 30. Rd2 Rxd2 31. Bxd2 Bd4 32. Rc1 Bc5 33. Be3
Kg7 34. Bg5 f6 35. Be3 Kf7 36. Kf1 Bc8 37. Bxc5 bxc5 38. Ke2 Ba6+ 39. Ke3 Bb7
40. f4 f5 1/2-1/2

[Event "Internationaal Jeugdtoernooi Limburg 5"]
[Site "Stein"]
[Date "1999.07.10"]
[Round "5"]
[White "Amesz, Jaap"]
[Black "Vinck, Martin"]
[Result "0-1"]
[WhiteElo "2190"]
[BlackElo "2042"]
[PlyCount "68"]
[EventDate "1999.07.08"]
[EventType "swiss"]
[EventRounds "7"]
[EventCountry "NED"]
[Source "P.Boonen"]
[SourceDate "2009.01.01"]

1. e4 c5 2. c3 Nf6 3. e5 Nd5 4. d4 cxd4 5. Nf3 d6 6. Bc4 Nb6 7. Bb3 Nc6 8. cxd4
dxe5 9. d5 Na5 10. Nc3 Nxb3 11. Qxb3 e6 12. dxe6 Bxe6 13. Qb5+ Qd7 14. Nxe5
Qxb5 15. Nxb5 Bb4+ 16. Bd2 Bxd2+ 17. Kxd2 O-O-O+ 18. Kc3 Rd5 19. Nc4 Nxc4 20.
Kxc4 Rd2+ 21. Kc3 Rhd8 22. Nxa7+ Kb8 23. Nb5 R8d3+ 24. Kb4 Rxb2+ 25. Ka5 Bd7
26. a4 Bxb5 27. axb5 Rdb3 28. Rhe1 Rxb5+ 29. Ka4 Rb6 30. Ka3 R6b3+ 31. Ka4 Ka7
32. Re3 Rb6 33. Ka3 R2b5 34. Re4 Ra5+ 0-1

[Event "Internationaal Jeugdtoernooi Limburg 5"]
[Site "Stein"]
[Date "1999.07.10"]
[Round "5"]
[White "Berkvens, Joost"]
[Black "Snoeck, Rene"]
[Result "1-0"]
[WhiteElo "2279"]
[BlackElo "1753"]
[PlyCount "75"]
[EventDate "1999.07.08"]
[EventType "swiss"]
[EventRounds "7"]
[EventCountry "NED"]
[Source "P.Boonen"]
[SourceDate "2009.01.01"]

1. f4 d5 2. g3 g6 3. Nf3 Bg7 4. Bg2 Nf6 5. O-O O-O 6. d3 Bg4 7. Ne5 Qc8 8. Nxg4
Qxg4 9. Nd2 c6 10. Nf3 Qc8 11. Qe1 Nbd7 12. h3 Qc7 13. e4 dxe4 14. dxe4 Rad8
15. e5 Nd5 16. a3 a5 17. c4 N5b6 18. Qxa5 Ra8 19. Qc3 Nc5 20. Be3 Ne6 21. g4 f5
22. g5 Kh8 23. b3 h5 24. Nd4 Nd8 25. c5 Nd5 26. Bxd5 cxd5 27. b4 Qd7 28. b5 Rc8
29. a4 Ne6 30. Nxe6 Qxe6 31. Bd4 Ra8 32. a5 Rfc8 33. Rfb1 Kh7 34. Qd3 Qd7 35.
c6 bxc6 36. b6 c5 37. b7 cxd4 38. a6 1-0

[Event "Internationaal Jeugdtoernooi Limburg 5"]
[Site "Stein"]
[Date "1999.07.10"]
[Round "5"]
[White "Connel, Blair"]
[Black "Dambacher, Martijn"]
[Result "1/2-1/2"]
[WhiteElo "2267"]
[BlackElo "2288"]
[PlyCount "37"]
[EventDate "1999.07.08"]
[EventType "swiss"]
[EventRounds "7"]
[EventCountry "NED"]
[Source "P.Boonen"]
[SourceDate "2009.01.01"]

1. d4 c5 2. c3 Nf6 3. dxc5 e6 4. Nf3 Bxc5 5. e3 d5 6. Be2 O-O 7. O-O a6 8. Nbd2
Nc6 9. b4 Bd6 10. a3 e5 11. c4 e4 12. Nd4 Ne5 13. cxd5 h5 14. Bb2 Bb8 15. f4
exf3 16. N4xf3 Neg4 17. Nc4 Nxd5 18. Qd4 Ndf6 19. h3 1/2-1/2